| 000 | 01079nam a2200229 4500 | ||
|---|---|---|---|
| 001 | 127830 | ||
| 003 | ES-MaACL | ||
| 005 | 20251005063111.0 | ||
| 007 | t| | ||
| 008 | 070214s1999 sp r ||||1| spa d | ||
| 100 | 1 |
_aRío Hortega, Pío del, _d1882-1945 _997326 |
|
| 245 | 1 | 0 |
_aEstudios sobre la neuroglía _b: la glía de escasas radiaciones (oligodendroglía) / _cPío del Río Hortega. |
| 260 |
_aMadrid : _bJunta para Ampliación de Estudios e Investigaciones Científicas, _c1921. |
||
| 300 |
_a30 p. 12 lám. ; _c24 cm. |
||
| 490 | 1 |
_aTrabajos del Laboratorio de Histopatología de la Junta para Ampliación de Estudios ; _v10 |
|
| 500 | _aSeparata del `Boletín de la Real Sociedad Española de Historia Natural`, enero 1921. | ||
| 710 | 2 |
_aJunta para la Ampliación de Estudios e Investigaciones Científicas. _95413 |
|
| 710 | 2 | 0 |
_aReal Sociedad Española de Historia Natural _96397 |
| 830 | 0 | 0 |
_aTrabajos del Laboratorio de Histopatología de la Junta para Ampliación de Estudios _v10 _9184307 |
| 852 |
_aES-MaACL _j1609-F-7 |
||
| 999 |
_c127830 _d127830 |
||